<?xml version="1.0" encoding="UTF-8"?>
<record
    xmlns:xsi="http://www.w3.org/2001/XMLSchema-instance"
    xsi:schemaLocation="http://www.loc.gov/MARC21/slim http://www.loc.gov/standards/marcxml/schema/MARC21slim.xsd"
    xmlns="http://www.loc.gov/MARC21/slim">

  <leader>02195nam a22002417a 4500</leader>
  <controlfield tag="005">20230608101538.0</controlfield>
  <controlfield tag="008">230608b           ||||| |||| 00| 0 eng d</controlfield>
  <datafield tag="020" ind1=" " ind2=" ">
    <subfield code="a">9781584888109</subfield>
  </datafield>
  <datafield tag="040" ind1=" " ind2=" ">
    <subfield code="c">AL</subfield>
  </datafield>
  <datafield tag="041" ind1=" " ind2=" ">
    <subfield code="a">English</subfield>
  </datafield>
  <datafield tag="082" ind1=" " ind2=" ">
    <subfield code="2">23</subfield>
    <subfield code="a">574.0285</subfield>
    <subfield code="b">QINB</subfield>
  </datafield>
  <datafield tag="100" ind1=" " ind2=" ">
    <subfield code="a">Shui Qing Ye</subfield>
    <subfield code="9">122255</subfield>
  </datafield>
  <datafield tag="245" ind1=" " ind2=" ">
    <subfield code="a">Bioinformatics: A Practical Approach</subfield>
  </datafield>
  <datafield tag="260" ind1=" " ind2=" ">
    <subfield code="a">London</subfield>
    <subfield code="b">Chapman and Hall/CRC</subfield>
    <subfield code="c">2007</subfield>
  </datafield>
  <datafield tag="300" ind1=" " ind2=" ">
    <subfield code="a">618 p.</subfield>
    <subfield code="b">PB</subfield>
    <subfield code="c">24x15 cm.</subfield>
  </datafield>
  <datafield tag="440" ind1=" " ind2=" ">
    <subfield code="a">Mathematical and Computational Biology Series</subfield>
    <subfield code="9">122256</subfield>
  </datafield>
  <datafield tag="520" ind1=" " ind2=" ">
    <subfield code="a">An emerging, ever-evolving branch of science, bioinformatics has paved the way for the explosive growth in the distribution of biological information to a variety of biological databases, including the National Center for Biotechnology Information. For growth to continue in this field, biologists must obtain basic computer skills while computer specialists must possess a fundamental understanding of biological problems. Bridging the gap between biology and computer science, Bioinformatics: A Practical Approach assimilates current bioinformatics knowledge and tools relevant to the omics age into one cohesive, concise, and self-contained volume.
Written by expert contributors from around the world, this practical book presents the most state-of-the-art bioinformatics applications. The first part focuses on genome analysis, common DNA analysis tools, phylogenetics analysis, and SNP and haplotype analysis. After chapters on microarray, SAGE, regulation of gene expression, miRNA, and siRNA, the book presents widely applied programs and tools in proteome analysis, protein sequences, protein functions, and functional annotation of proteins in murine models. The last part introduces the programming languages used in biology, website and database design, and the interchange of data between Microsoft Excel and Access.
Keeping complex mathematical deductions and jargon to a minimum, this accessible book offers both the theoretical underpinnings and practical applications of bioinformatics.</subfield>
  </datafield>
  <datafield tag="650" ind1=" " ind2=" ">
    <subfield code="a">DNA</subfield>
    <subfield code="9">122257</subfield>
  </datafield>
  <datafield tag="650" ind1=" " ind2=" ">
    <subfield code="a">Phylogenetic Analysis</subfield>
    <subfield code="9">122258</subfield>
  </datafield>
  <datafield tag="650" ind1=" " ind2=" ">
    <subfield code="a">Gene Expression</subfield>
    <subfield code="9">122259</subfield>
  </datafield>
  <datafield tag="700" ind1=" " ind2=" ">
    <subfield code="a">QING YE (Shui)</subfield>
    <subfield code="9">122260</subfield>
  </datafield>
  <datafield tag="942" ind1=" " ind2=" ">
    <subfield code="2">ddc</subfield>
    <subfield code="c">DB</subfield>
  </datafield>
  <datafield tag="999" ind1=" " ind2=" ">
    <subfield code="c">227448</subfield>
    <subfield code="d">227448</subfield>
  </datafield>
  <datafield tag="952" ind1=" " ind2=" ">
    <subfield code="0">0</subfield>
    <subfield code="1">0</subfield>
    <subfield code="2">ddc</subfield>
    <subfield code="4">0</subfield>
    <subfield code="7">0</subfield>
    <subfield code="8">MB</subfield>
    <subfield code="a">AL</subfield>
    <subfield code="b">AL</subfield>
    <subfield code="d">2023-06-03</subfield>
    <subfield code="l">0</subfield>
    <subfield code="o">574.0285 QINB</subfield>
    <subfield code="p">D05664</subfield>
    <subfield code="r">2023-06-08 00:00:00</subfield>
    <subfield code="v">695.00</subfield>
    <subfield code="w">2023-06-08</subfield>
    <subfield code="y">DB</subfield>
  </datafield>
</record>
